| 000 | 02341cam a2200337Ki 4500 | ||
|---|---|---|---|
| 999 |
_c5863 _d5863 |
||
| 001 | on1119537864 | ||
| 003 | OCoLC | ||
| 005 | 20200831225838.0 | ||
| 006 | m o d | ||
| 007 | cr cnu|||unuuu | ||
| 008 | 190913s2019 enk o 001 0 zxx d | ||
| 020 |
_a9781108545907 _q(electronic bk.) |
||
| 020 |
_a1108545904 _q(electronic bk.) |
||
| 020 | _z9781108424219 (hardback) | ||
| 020 | _z9781108440103 (paperback) | ||
| 029 | 1 |
_aAU@ _b000066885319 |
|
| 035 | _a(OCoLC)1119537864 | ||
| 040 |
_aCAMBR _beng _erda _epn _cTZ-ArACH |
||
| 049 | _aTZAA | ||
| 050 | 0 | 0 |
_aKZA1145 _b.T36 2019 |
| 100 | 1 |
_aTanaka, Yoshifumi, _eauthor. |
|
| 245 | 1 | 4 |
_aInternational law of the sea (2019) / _cYoshifumi Tanaka. |
| 250 | _aThird edition. | ||
| 300 |
_alxxxi, 557 pages _c23 cm |
||
| 504 | _aIll | ||
| 505 | 0 | _aThe law of the sea in perspective -- Baselines and related issues -- Marine spaces under national jurisdiction I : territorial sovereignty -- Marine spaces under national jurisdiction II : sovereign rights -- Marine spaces beyond national jurisdiction -- Maritime delimitation -- Conservation of marine living resources -- Protection of the marine environment -- Conservation of marine biological diversity -- Marine scientific research -- Maintenance of international peace and security at sea -- Land-locked and geographically disadvantaged States -- Peaceful settlement of international disputes -- Looking ahead. | |
| 520 | _aThis new edition has been fully revised to include up-to-date coverage of essential issues of the international law of the sea. Covering a number of new and important issues, such as the headline debate of migrant movement across the seas, and the definition of islands in light of the South China Sea Arbitration, it also includes chapters on conservation of marine living resources and biological diversity, protection of the marine environment, and international peace and security at sea, as well as building further on such topics as the impact of climate change on the oceans. A precise and readable book, with many figures and tables, The International Law of the Sea continues to be the best choice for students wanting to understand the law of the sea. | ||
| 650 | 0 | _aLaw of the sea. | |
| 856 | 4 | 0 |
_3Cambridge University Press _uhttps://doi.org/10.1017/9781108545907 |
| 942 |
_2lcc _cBOOK |
||